| 000 | 00689nam a2200181Ia 4500 | ||
|---|---|---|---|
| 008 | 151018s9999 xx 000 0 und d | ||
| 082 |
_bRBASDV64425 _a891.463 |
||
| 100 | _aनयनतारा देसाई | ||
| 245 | _aसमशेरबहाद्दर कृष्णसिंग | ||
| 250 | _b1 | ||
| 260 |
_bविभासा पुस्तक महाल _c2013 |
||
| 300 | _a216 | ||
| 600 | _aनयनतारा देसाई | ||
| 630 | _aसमशेरबहाद्दर कृष्णसिंग | ||
| 700 | _aनयनतारा देसाई | ||
| 730 | _aसमशेरबहाद्दर कृष्णसिंग | ||
| 942 | _cBOOK | ||
| 999 |
_c1056765 _d1056762 |
||